Normal view
MARC view
Entry Personal Name
001 - CONTROL NUMBER
- control field: 80128
003 - CONTROL NUMBER IDENTIFIER
- control field: dpl
005 - DATE AND TIME OF LATEST TRANSACTION
- control field: 20250402151935.0
008 - FIXED-LENGTH DATA ELEMENTS
- fixed length control field: 250402|| aca||aabn | a|a d
040 ## - CATALOGING SOURCE
- Original cataloging agency: dpl
- Transcribing agency: dpl
100 ## - HEADING--PERSONAL NAME
- Personal name: Paul, Susobhan
670 ## - SOURCE DATA FOUND
- Source citation: Work cat.: (dpl)210669: Dasgupta, Chittaranjan 80126, A Handbook of Degree Practical Physics/, 2019
